[Event "Voronezh Zagorovsky Memorial"]
[Site "Voronezh"]
[Date "2014.07.01"]
[Round "1"]
[White "Koshelev, Vladimir"]
[Black "Avtsynov, Artyom"]
[Result "1/2-1/2"]
[WhiteElo "1857"]
[BlackElo "2033"]
[PlyCount "80"]
[EventDate "2014.07.01"]
[EventType "swiss"]
[EventRounds "9"]
[EventCountry "RUS"]
[SourceTitle "CBM 161 Extra"]
[Source "ChessBase"]
[SourceDate "2014.08.29"]
[SourceVersion "1"]
[SourceVersionDate "2014.08.29"]
[SourceQuality "1"]

1. b3 d6 2. Bb2 Nf6 3. g3 g6 4. e4 Bg7 5. Bg2 0-0 6. Ne2 c5 7. 0-0 Nc6 8. d3 Qc7 9. c4 a6 10. Nbc3 Nd7 11. Nd5 Qd8 12. Bxg7 Kxg7 13. Qd2 e6 14. Qc3+ Kg8 15. Ne3 Qf6 16. Qxf6 Nxf6 17. f4 Kg7 18. Rad1 Nd4 19. Rd2 a5 20. h3 a4 21. Nxd4 cxd4 22. Nc2 e5 23. b4 b6 24. Rdf2 Ne8 25. f5 f6 26. b5 g5 27. Bf3 d5 28. Na3 Bd7 29. cxd5 Rc8 30. Rc2 Rxc2 31. Nxc2 Bxb5 32. Nb4 Nd6 33. Rc1 Rc8 34. Rxc8 Nxc8 35. Kf2 Kf8 36. Ke1 Ke7 37. Kd2 Be8 38. h4 gxh4 39. gxh4 Kd6 40. a3 Na7 1/2-1/2

[Event "Voronezh op-B 18th"]
[Site "Voronezh"]
[Date "2014.06.17"]
[Round "6"]
[White "Perelygin, Mikhail"]
[Black "Avtsynov, Artyom"]
[Result "1/2-1/2"]
[WhiteElo "1940"]
[BlackElo "2058"]
[PlyCount "79"]
[EventDate "2014.06.12"]
[EventType "swiss"]
[EventRounds "9"]
[EventCountry "RUS"]
[SourceTitle "EXT 2015"]
[Source "ChessBase"]
[SourceDate "2014.11.20"]
[SourceVersion "1"]
[SourceVersionDate "2014.11.20"]
[SourceQuality "1"]

1. d4 g6 2. c4 Bg7 3. Nc3 Nf6 4. g3 d6 5. Bg2 0-0 6. Nf3 Nbd7 7. 0-0 e5 8. dxe5 dxe5 9. Qc2 c6 10. e4 Qe7 11. Na4 b5 12. cxb5 cxb5 13. Nc3 Bb7 14. Bg5 h6 15. Bxf6 Nxf6 16. Nd2 Rac8 17. Qb3 Rfd8 18. Rfd1 a6 19. Nd5 Qe6 20. Nf1 Nxd5 21. exd5 Qd6 22. a4 Rc5 23. Ne3 f5 24. axb5 Rxb5 25. Qa2 e4 26. Rab1 Bxd5 27. Nxd5 Rxd5 28. Rxd5 Qxd5 29. Qxa6 Kh7 30. b4 Ra8 31. Qb6 Bd4 32. Qc7+ Kh8 33. Rf1 Ra7 34. Qc8+ Kg7 35. Qc2 Rb7 36. Rb1 Kh7 37. b5 Rxb5 38. Rxb5 Qxb5 39. Qc7+ Bg7 40. Bf1 1/2-1/2

[Event "Voronezh op-B 18th"]
[Site "Voronezh"]
[Date "2014.06.15"]
[Round "4"]
[White "Polyansky, Viktor"]
[Black "Avtsynov, Artyom"]
[Result "1-0"]
[WhiteElo "1972"]
[BlackElo "2058"]
[PlyCount "67"]
[EventDate "2014.06.12"]
[EventType "swiss"]
[EventRounds "9"]
[EventCountry "RUS"]
[SourceTitle "EXT 2015"]
[Source "ChessBase"]
[SourceDate "2014.11.20"]
[SourceVersion "1"]
[SourceVersionDate "2014.11.20"]
[SourceQuality "1"]

1. e4 d6 2. d4 Nf6 3. Nc3 g6 4. f4 Bg7 5. e5 Nfd7 6. Nf3 0-0 7. Bc4 Nb6 8. Bb3 d5 9. a4 a5 10. 0-0 Bg4 11. h3 Bxf3 12. Qxf3 e6 13. Be3 Na6 14. Nd1 Qe7 15. Nf2 c5 16. c3 cxd4 17. Bxd4 Nc5 18. Bc2 Nc4 19. Ng4 Nd7 20. Qf2 h5 21. Nf6+ Nxf6 22. exf6 Bxf6 23. Bc5 Nd6 24. Rae1 Qd7 25. f5 exf5 26. Qg3 Rfd8 27. Rd1 Qc6 28. Bd4 h4 29. Qe3 Ne4 30. Qh6 Re8 31. Rf4 Ng3 32. Bxf6 Qxf6 33. Rxh4 Nh5 34. Rxh5 1-0

[Event "Voronezh op-B 18th"]
[Site "Voronezh"]
[Date "2014.06.13"]
[Round "2"]
[White "Chernov, Vladimir1"]
[Black "Avtsynov, Artyom"]
[Result "1-0"]
[WhiteElo "1931"]
[BlackElo "2058"]
[PlyCount "55"]
[EventDate "2014.06.12"]
[EventType "swiss"]
[EventRounds "9"]
[EventCountry "RUS"]
[SourceTitle "EXT 2015"]
[Source "ChessBase"]
[SourceDate "2014.11.20"]
[SourceVersion "1"]
[SourceVersionDate "2014.11.20"]
[SourceQuality "1"]

1. d4 g6 2. c4 Bg7 3. Nc3 Nf6 4. e4 0-0 5. Be3 d6 6. f3 Nc6 7. Qd2 e5 8. d5 Nd4 9. Nge2 c5 10. dxc6 Nxc6 11. 0-0-0 Be6 12. Nd5 Rc8 13. Kb1 Nd7 14. Nec3 Nc5 15. Bh6 a6 16. h4 Bxh6 17. Qxh6 f6 18. g4 Bxd5 19. Nxd5 Ne6 20. g5 fxg5 21. Bh3 g4 22. Bxg4 Ncd4 23. Rxd4 Nxd4 24. Bxc8 Rxf3 25. h5 g5 26. Rg1 Kh8 27. Bg4 Rf2 28. Bd1 1-0

[Event "Voronezh Region-ch"]
[Site "Voronezh"]
[Date "2013.12.04"]
[Round "2"]
[White "Avtsynov, Artyom"]
[Black "Zhurikhin, Alexander"]
[Result "0-1"]
[WhiteElo "2068"]
[BlackElo "2325"]
[PlyCount "96"]
[EventDate "2013.12.03"]
[EventType "swiss"]
[EventRounds "9"]
[EventCountry "RUS"]
[SourceTitle "CBM 158 Extra"]
[Source "ChessBase"]
[SourceDate "2014.02.28"]
[SourceVersion "1"]
[SourceVersionDate "2014.02.28"]
[SourceQuality "1"]

1. e4 c6 2. d4 d5 3. exd5 cxd5 4. c4 Nf6 5. Nc3 g6 6. cxd5 Nxd5 7. Bc4 Nb6 8. Bb3 Bg7 9. d5 0-0 10. Nf3 Na6 11. Be3 Bg4 12. 0-0 Rc8 13. Nb5 Nc4 14. Bxc4 Rxc4 15. Nxa7 Nb4 16. Qb3 Qxd5 17. Nd2 Rd4 18. Bxd4 Qxd4 19. Nc4 Be2 20. Qxb4 Bxf1 21. Rxf1 Qxa7 22. a4 Bd4 23. b3 b6 24. Qb5 Qc7 25. g3 h5 26. Re1 Rd8 27. Qg5 Rd7 28. Kg2 Qc6+ 29. f3 Bf6 30. Qe3 b5 31. axb5 Qxb5 32. Rb1 Qa6 33. Qe2 Rd4 34. Kf1 Qb7 35. b4 h4 36. b5 Rxc4 37. Qxc4 Qxf3+ 38. Ke1 Qh1+ 39. Qf1 Bc3+ 40. Kf2 Bd4+ 41. Ke1 Qxh2 42. Qe2 Qh1+ 43. Qf1 Bc3+ 44. Kf2 Bd4+ 45. Ke2 Qe4+ 46. Kd2 hxg3 47. Qd3 Qf4+ 48. Ke2 g2 0-1

[Event "Voronezh-ch"]
[Site "Voronezh"]
[Date "2013.10.24"]
[Round "6"]
[White "Lukovnikov, Alexander"]
[Black "Avtsynov, Artyom"]
[Result "1-0"]
[WhiteElo "2270"]
[BlackElo "2049"]
[PlyCount "77"]
[EventDate "2013.10.18"]
[EventType "swiss"]
[EventRounds "9"]
[EventCountry "RUS"]
[SourceTitle "EXT 2014"]
[Source "ChessBase"]
[SourceDate "2013.11.20"]
[SourceVersion "1"]
[SourceVersionDate "2013.11.20"]
[SourceQuality "1"]

1. e4 c5 2. Nf3 e6 3. d4 cxd4 4. Nxd4 Nf6 5. Nc3 d6 6. f4 Nc6 7. Be3 Be7 8. Qf3 0-0 9. 0-0-0 Qa5 10. Nb3 Qc7 11. g4 a6 12. g5 Nd7 13. f5 b5 14. Rg1 b4 15. Ne2 Nde5 16. Qf4 exf5 17. exf5 Re8 18. Ned4 Bf8 19. Nxc6 Nxc6 20. g6 fxg6 21. Bc4+ Kh8 22. fxg6 Be6 23. gxh7 Rac8 24. Bxe6 Rxe6 25. Kb1 Ne5 26. Nd4 Rf6 27. Qe4 Qc4 28. b3 Qf7 29. h4 Re8 30. Qg2 a5 31. Rdf1 a4 32. Bg5 Rxf1+ 33. Rxf1 Qa7 34. Qd5 Kxh7 35. bxa4 Qa6 36. Rg1 Nc4 37. Qf7 Na3+ 38. Kc1 Qxa4 39. Bf6 1-0

[Event "Zagorovsky Memorial op"]
[Site "Voronezh"]
[Date "2013.07.02"]
[Round "7"]
[White "Avtsynov, Artyom"]
[Black "Soboleva, Anastasia"]
[Result "1/2-1/2"]
[WhiteElo "2049"]
[BlackElo "1940"]
[PlyCount "51"]
[EventDate "2013.06.25"]
[EventType "swiss"]
[EventRounds "9"]
[EventCountry "RUS"]
[SourceTitle "EXT 2014"]
[Source "ChessBase"]
[SourceDate "2013.11.20"]
[SourceVersion "1"]
[SourceVersionDate "2013.11.20"]
[SourceQuality "1"]

1. e4 c5 2. c3 d5 3. exd5 Qxd5 4. d4 Nf6 5. Nf3 Bg4 6. Be2 e6 7. Be3 cxd4 8. cxd4 Bb4+ 9. Nbd2 0-0 10. 0-0 Nc6 11. a3 Be7 12. b4 a6 13. Rc1 Ne4 14. Bc4 Qf5 15. Bd3 Nxf2 16. Bxf5 Nxd1 17. Bxh7+ Kxh7 18. Rfxd1 Rfd8 19. h3 Bh5 20. g4 Bg6 21. Kf2 Rd5 22. Nc4 Rad8 23. Nb6 R5d6 24. Nc4 Rd5 25. Nb6 R5d6 26. Nc4 1/2-1/2

[Event "Voronezh-ch"]
[Site "Voronezh"]
[Date "2012.10.25"]
[Round "6"]
[White "Kornilov, Peter"]
[Black "Avtsynov, Artyom"]
[Result "0-1"]
[WhiteElo "2053"]
[BlackElo "2021"]
[PlyCount "112"]
[EventDate "2012.10.19"]
[EventType "swiss"]
[EventRounds "9"]
[EventCountry "RUS"]
[SourceTitle "EXT 2013"]
[Source "ChessBase"]
[SourceDate "2012.11.22"]
[SourceVersion "1"]
[SourceVersionDate "2012.11.22"]
[SourceQuality "1"]

1. Nf3 g6 2. c4 Bg7 3. Nc3 d6 4. g3 e5 5. d4 Nc6 6. dxe5 Nxe5 7. Nxe5 Bxe5 8. Bg2 Bg7 9. 0-0 Ne7 10. Bg5 h6 11. Bf4 0-0 12. Qc1 g5 13. Bd2 c6 14. e4 Be6 15. Nd1 d5 16. cxd5 cxd5 17. exd5 Rc8 18. Nc3 Nxd5 19. a3 Nxc3 20. Bxc3 Bxc3 21. bxc3 Qf6 22. Qe3 b6 23. Rac1 Rc4 24. Rfd1 Rfc8 25. h3 Rxc3 26. Rxc3 Rxc3 27. Rd3 Rxd3 28. Qxd3 Qe5 29. Qf3 Kg7 30. Kh2 Qd4 31. Kg1 b5 32. Qb7 Qa1+ 33. Kh2 Qxa3 34. Qxb5 Qc3 35. Qa6 Qd4 36. Kg1 Bd7 37. Qa5 Qb6 38. Qe5+ Qf6 39. Qa5 Qd4 40. Qa6 Bf5 41. Qa5 Bg6 42. Bd5 Qe5 43. Qa2 a5 44. Bc6 Qc3 45. Bd5 Bc2 46. h4 a4 47. hxg5 hxg5 48. Ba8 a3 49. Bd5 Bd3 50. Kg2 Qb2 51. Bxf7 Qxa2 52. Bxa2 Kf6 53. f4 g4 54. Kf2 Bf5 55. Ke3 Be6 56. Bb1 a2 0-1

[Event "Voronezh Region-ch"]
[Site "Voronezh"]
[Date "2011.12.14"]
[Round "5"]
[White "Avtsynov, Artyom"]
[Black "Kareva, Natalia"]
[Result "1-0"]
[WhiteElo "2011"]
[BlackElo "2071"]
[PlyCount "73"]
[EventDate "2011.12.09"]
[EventType "swiss"]
[EventRounds "9"]
[EventCountry "RUS"]
[SourceTitle "CBM 146 Extra"]
[Source "ChessBase"]
[SourceDate "2012.02.29"]
[SourceVersion "1"]
[SourceVersionDate "2012.02.29"]
[SourceQuality "1"]

1. e4 c5 2. Nc3 Nc6 3. g3 e6 4. Bg2 Nge7 5. d3 d5 6. Nf3 b6 7. 0-0 Bb7 8. Re1 d4 9. Ne2 Ng6 10. Nd2 Bd6 11. f4 0-0 12. Nf3 Qd7 13. Bd2 Rfd8 14. h4 b5 15. h5 Nge7 16. h6 g6 17. e5 Bc7 18. Ng5 Nd5 19. Ne4 Bb6 20. Kh2 Nce7 21. g4 Kh8 22. Rh1 Ng8 23. Qe1 f5 24. gxf5 gxf5 25. Ng5 Rf8 26. Qg3 Rae8 27. Bf3 Re7 28. Kg2 c4 29. Rag1 Ne3+ 30. Bxe3 dxe3 31. d4 c3 32. bxc3 Rc8 33. Kf1 Bxf3 34. Qxf3 b4 35. Qg3 bxc3 36. Nxh7 Ba5 37. Nf8 1-0

[Event "Voronezh op-B 15th"]
[Site "Voronezh"]
[Date "2011.06.19"]
[Round "8"]
[White "Volkov, Sergei"]
[Black "Avtsynov, Artyom"]
[Result "1-0"]
[WhiteElo "2215"]
[BlackElo "1964"]
[PlyCount "67"]
[EventDate "2011.06.12"]
[EventType "swiss"]
[EventRounds "9"]
[EventCountry "RUS"]
[SourceTitle "CBM 143 Extra"]
[Source "ChessBase"]
[SourceDate "2011.08.29"]
[SourceVersion "1"]
[SourceVersionDate "2011.08.29"]
[SourceQuality "1"]

1. e4 c5 2. Nf3 e6 3. d4 cxd4 4. Nxd4 Nf6 5. Nc3 d6 6. g4 Nc6 7. g5 Nd7 8. Be3 Be7 9. h4 Nb6 10. Be2 Ne5 11. b3 Bd7 12. f4 Rc8 13. Ndb5 Bxb5 14. Nxb5 Nc6 15. 0-0 0-0 16. a4 a6 17. a5 Na8 18. Nd4 Nxa5 19. f5 exf5 20. exf5 Nc6 21. f6 gxf6 22. Nxc6 Rxc6 23. Bd3 f5 24. Qh5 d5 25. Bxf5 Rg6 26. Bxg6 hxg6 27. Qg4 Nc7 28. h5 Ne6 29. hxg6 Nxg5 30. Qh5 Kg7 31. Bxg5 Rh8 32. Bh6+ Rxh6 33. Rxf7+ Kh8 34. Qxh6+ 1-0

[Event "Voronezh Region-ch"]
[Site "Voronezh"]
[Date "2010.12.09"]
[Round "3"]
[White "Kornilov, Peter"]
[Black "Avtsynov, Artyom"]
[Result "1-0"]
[WhiteElo "2065"]
[BlackElo "1960"]
[PlyCount "117"]
[EventDate "2010.12.07"]
[EventType "swiss"]
[EventRounds "9"]
[EventCountry "RUS"]
[SourceTitle "EXT 2013"]
[Source "ChessBase"]
[SourceDate "2012.11.22"]
[SourceVersion "1"]
[SourceVersionDate "2012.11.22"]
[SourceQuality "1"]

1. Nf3 Nf6 2. c4 g6 3. Nc3 Bg7 4. g3 d6 5. Bg2 0-0 6. 0-0 e5 7. d3 Nc6 8. Nd5 Nxd5 9. cxd5 Ne7 10. e4 Bd7 11. Qb3 Qc8 12. Bg5 f6 13. Be3 Kh8 14. d4 Qb8 15. dxe5 dxe5 16. Bc5 Re8 17. Nd2 b6 18. Be3 Nc8 19. f4 Nd6 20. fxe5 fxe5 21. Rac1 Qb7 22. Nc4 Rf8 23. Nxd6 cxd6 24. Qa3 Qb8 25. Bg5 Bb5 26. Rxf8+ Bxf8 27. Bf6+ Bg7 28. Bxg7+ Kxg7 29. Bh3 Qd8 30. Be6 a6 31. Qe3 Rb8 32. Qf3 Qe7 33. b3 a5 34. Qe3 a4 35. b4 Qd8 36. Rc3 Qe7 37. Rc1 Qd8 38. g4 h6 39. Qc3 Rb7 40. Qc8 Qxc8 41. Rxc8 Bd3 42. a3 Bxe4 43. Rc6 b5 44. Rxd6 Kf8 45. Rd8+ Ke7 46. Rh8 Kd6 47. Rd8+ Ke7 48. Rc8 Kd6 49. Rc6+ Ke7 50. Kf2 Bd3 51. Ke3 Bb1 52. Rc1 Ba2 53. Ke4 Rb6 54. Kxe5 Rxe6+ 55. dxe6 Bxe6 56. Rc7+ Bd7 57. h3 h5 58. g5 Kd8 59. Rxd7+ 1-0

[Event "Voronezh Region-ch"]
[Site "Voronezh"]
[Date "2010.12.07"]
[Round "1"]
[White "Avtsynov, Artyom"]
[Black "Zhurikhin, Alexander"]
[Result "0-1"]
[WhiteElo "1960"]
[BlackElo "2157"]
[PlyCount "54"]
[EventDate "2010.12.07"]
[EventType "swiss"]
[EventRounds "9"]
[EventCountry "RUS"]
[SourceTitle "EXT 2013"]
[Source "ChessBase"]
[SourceDate "2012.11.22"]
[SourceVersion "1"]
[SourceVersionDate "2012.11.22"]
[SourceQuality "1"]

1. e4 g6 2. d4 Bg7 3. f4 d5 4. e5 Nh6 5. Nf3 Bg4 6. h3 Bxf3 7. Qxf3 0-0 8. Bd3 f6 9. exf6 exf6 10. f5 Re8+ 11. Kf2 Nc6 12. c3 Ne5 13. dxe5 fxe5 14. Bc2 e4 15. Qe2 Nxf5 16. Bf4 Rf8 17. Kg1 g5 18. Bh2 c6 19. Qf2 Nd4 20. cxd4 Rxf2 21. Kxf2 Bxd4+ 22. Ke2 Bxb2 23. Nd2 Bxa1 24. Rxa1 Qb6 25. Rb1 Qa6+ 26. Ke3 c5 27. Be5 Re8 0-1

[Event "Voronezh op-B 14th"]
[Site "Voronezh"]
[Date "2010.06.19"]
[Round "7"]
[White "Avtsynov, Artyom"]
[Black "Pilkin, Evgenii"]
[Result "1-0"]
[WhiteElo "1950"]
[BlackElo "2053"]
[PlyCount "76"]
[EventDate "2010.06.12"]
[EventType "swiss"]
[EventRounds "9"]
[EventCountry "RUS"]
[SourceTitle "CBM 137 Extra"]
[Source "ChessBase"]
[SourceDate "2010.09.01"]
[SourceVersion "1"]
[SourceVersionDate "2010.09.01"]
[SourceQuality "1"]

1. e4 e6 2. d4 d5 3. Nc3 dxe4 4. Nxe4 Nd7 5. Nf3 Ngf6 6. Bg5 Be7 7. Bxf6 Nxf6 8. Bd3 Nxe4 9. Bxe4 c5 10. 0-0 cxd4 11. Nxd4 Bf6 12. c3 0-0 13. Nb3 Qb6 14. Qf3 a5 15. Qh5 g6 16. Qc5 Qxc5 17. Nxc5 Ra7 18. Rad1 Rd8 19. Rxd8+ Bxd8 20. Rd1 Bc7 21. g3 Kg7 22. c4 h5 23. Bxb7 Bxb7 24. Rd7 Be5 25. b3 Kf6 26. Nxb7 Bc3 27. c5 Ra6 28. Nd8 a4 29. c6 axb3 30. axb3 Ra1+ 31. Kg2 Ba5 32. Nb7 Bb6 33. Nd6 Rb1 34. Rxf7+ Kg5 35. c7 Bxc7 36. Rxc7 Rxb3 37. Rf7 Rb4 38. h4+ Kh6 1-0

[Event "Voronezh Interma Cup"]
[Site "Voronezh"]
[Date "2010.06.07"]
[Round "11"]
[White "Avtsynov, Artyom"]
[Black "Soboleva, Anastasia"]
[Result "1/2-1/2"]
[WhiteElo "1950"]
[BlackElo "1731"]
[PlyCount "34"]
[EventDate "2010.05.25"]
[EventType "tourn"]
[EventRounds "11"]
[EventCountry "RUS"]
[SourceTitle "EXT 2022"]
[Source "ChessBase"]
[SourceDate "2021.10.06"]
[SourceVersion "1"]
[SourceVersionDate "2021.10.06"]
[SourceQuality "1"]

1. e4 e6 2. d4 d5 3. exd5 exd5 4. Bd3 Bd6 5. Ne2 Ne7 6. 0-0 0-0 7. Bf4 Bxf4 8. Nxf4 Bf5 9. Bxf5 Nxf5 10. Nd2 Qd7 11. Nf3 Nc6 12. Re1 Rfe8 13. Rxe8+ Rxe8 14. Qd2 h6 15. Re1 Rxe1+ 16. Qxe1 Qe7 17. Qxe7 Ncxe7 1/2-1/2